00636nam a2200205 a 450000100060000000300090000600800410001502000150005604000280007108200140009924500560011326000440016930000200021350000670023359000360030065000320033665000330036894200120040199900170041314069CO-ViMGA141112s2004 ck r 000 u spa d a8449402409 aCO-ViMGAbspacCO-ViMGA04aR539 E52410aEnciclopedia audiovisual educativa fisica y quimica aBarcelona : bOceano Multimedia, c1997 a2 V. + 2 VIDEOS aV.1 : Fisica. V.2 : Quimica. Incluye; 2 videos y libro guia.  aForma de adquisición : COMPRA14aFISICA - ENSEÑANZA91692914aQUIMICA - ENSEÑANZA920561 2ddccBK c24770d24770